| 000 | 00830nam a22002055i 4500 | ||
|---|---|---|---|
| 001 | 157879 | ||
| 003 | ES-MaACL | ||
| 005 | 20250831023859.0 | ||
| 008 | 040825s1837 sp |||| | spa d | ||
| 040 |
_aCAM _bspa _cCAM |
||
| 100 | 1 |
_aLlorente, Juan Antonio. _972907 |
|
| 245 | 1 | 0 |
_aDiscursos sobre una constitución religiosa considerada como parte de la civil nacional / _cpor Juan Antonio Llorente. |
| 250 | _aNueva ed. adicionada con la defensa de dicha constitución verificada por José Antonio de Grassot y Gispert. | ||
| 260 |
_aBarcelona : _bLibrería de Francisco Oliva, _c1837. |
||
| 300 |
_aVIII, 164, 108 p. ; _c15 cm. |
||
| 650 | 0 | 7 |
_aIglesia y Estado _2embne _913554 |
| 700 | 1 | 1 |
_aGrassot y Gispert, José Antonio de. _9127541 |
| 852 |
_aES-MaACL _jD-4797 _z-- Enc. pasta española |
||
| 999 |
_c157879 _d157879 |
||